000 01079nam a2200253 a 4500
001 000048517
003 DO-SdBNP
005 20211008112142.0
007 ta
008 190326s2014 dr ac fr 001 m spa d
040 _aDO-SdBNP
_bspa
_cBNPHU
082 4 _aBNPHU
_bC764d
100 1 _aContreras, Lourdes
_92759
245 1 0 _aDiplomado género, educación y desarrollo /
_cLourdes Contreras ; edición Ana Clara Trinidad ; ilustraciones Lorena Espinosa.
260 _aSanto Domingo :
_bCentro de Estudios de Género,
_bInstituto Tecnológico de Santo Domingo,
_c2014.
300 _av. :
_bil., rests. ;
_c28 cm.
500 _aLa biblioteca posee el módulo 1
504 _aBibliografía : p. 85-86
505 0 _aMódulo 1 --
_tEntendiendo el género en la vida de maestras, maestros y estudiantado --
_tIdentidades y relaciones sociales --
_tGénero y relaciones de género --
_tIntroducción al análisis de género --
_tAnexo.
590 _aInventariado, 2019/LP
700 1 _aTrinidad, Ana Clara,
_eed.
_975935
700 1 _aEspinosa, Lorena,
_eil.
_975936
942 _2ddc
_cLBS1
999 _c48005
_d48005